| 000 | 01261nam a22002297a 4500 | ||
|---|---|---|---|
| 005 | 20240814174523.0 | ||
| 008 | s2530 th tha d | ||
| 040 | _aNALT | ||
| 041 | _atha | ||
| 100 | 0 | _aเสถียร วิชัยลักษณ์ | |
| 245 | 1 | 0 | _aพระราชบัญญัติวิทยาลัยครู พ.ศ. 2518 พร้อมด้วย พระราชบัญญัติแก้ไขเพิ่มเติมพระราชกฤษฎีกาและประกาศสำนักนายกรัฐมนตรี ออกตามความในพระราชบัญญัตินี้ |
| 260 | 3 |
_aกรุงเทพฯ : _bนีติเวชช์, _c2530 |
|
| 300 |
_a30 หน้า ; _b 27 ซม. |
||
| 650 | 0 | 4 | _aวิทยาลัยครู |
| 650 | 0 | 4 | _aวิทยาลัยครู -- กฎหมายและระเบียบข้อบังคับ |
| 650 | 0 | 4 | _aวิทยาลัยครู (พ.ร.บ.) -- 2518 |
| 700 | 0 | _aเสถียร วิชัยลักษณ์ | |
| 850 | _aNALT | ||
| 942 |
_cLB _2lcc |
||
| 999 |
_c17593 _d17593 |
||
| 998 |
_j25 _k นีลวัสน์ อินทรักษา |
||
| 090 | _aKQ42 ส895พ 2530 | ||